• 首页
  • 本馆介绍
  • 公告通知
  • 最新文献
  • 馆藏检索
  • 电子资源
  • 读者导购
  • 参考咨询
  • 我的图书馆
  • 登录
  • 详细信息显示
  • 放入我的书架
  • 预约/预借图书
  • 作者相关作品
  • 分类相关作品
  • 丛书相关作品
  • 出版社相关作品

书目信息

  • 表格格式
  • 工作单格式
  • 卡片格式
题名:
刻印
    
 
作者: 李奎 编著
分册:  
出版信息: 汕头   汕头大学出版社  2015.02
页数: 106页
开本: 23cm
丛书名: 中国文化百科
单 册:
中图分类: TS8-092 , TS8
科图分类:
主题词: 印刷史--yin shua shi--中国--古代--青少年读物
电子资源:
ISBN: 978-7-5658-1566-9
000 00814nam 2200253 450
001 2367427372
005 20231109135810.38
010    @a978-7-5658-1566-9@dCNY29.80
100    @a20150714d2015 em y0chiy50 ea
101 0  @achi
102    @aCN@b440000
105    @aa z 000yy
200 1  @a刻印@Ake yin@e刻印历史时代@f李奎编著
210    @a汕头@c汕头大学出版社@d2015.02
215    @a106页@c彩图@d23cm
225 2  @a中国文化百科@Azhong guo wen hua bai ke@i古典艺术
330    @a本书介绍了中国古代印刷历史与概况, 主要包括: 古老载体、版印纸书、印装插图、书业盛况等。
410  0 @12001 @a中国文化百科@i古典艺术
606 0  @a印刷史@Ayin shua shi@y中国@z古代@j青少年读物
690    @aTS8-092@v5
690    @aTS8@v4
701  0 @a李奎@Ali kui@4编著
801  0 @aCN@b山东中教@c20230926
905    @aBZT@dTS8@e11
    
    刻印:刻印历史时代/李奎编著.-汕头:汕头大学出版社,2015.02
    106页:彩图;23cm.-(中国文化百科.古典艺术)
    
    
    ISBN 978-7-5658-1566-9:CNY29.80
    本书介绍了中国古代印刷历史与概况, 主要包括: 古老载体、版印纸书、印装插图、书业盛况等。
●
相关链接 在五车中查询图书 在当当中查询图书 在豆瓣中查询图书


正题名:刻印     索取号:TS8/11         预约/预借

序号 登录号 条形码 馆藏地/架位号 状态 备注
1 2000965053   2000965053   第四书库/四28架A面4层1列/ [索取号:TS8/11] 在馆    
2 2000965054   2000965054   第四书库/四28架A面4层1列/ [索取号:TS8/11] 在馆    
3 2000965055   2000965055   第四书库/四28架A面4层1列/ [索取号:TS8/11] 在馆    
4 2000965056   2000965056   第四书库/四28架A面4层1列/ [索取号:TS8/11] 在馆    
5 2000965057   2000965057   第四书库/四28架A面4层1列/ [索取号:TS8/11] 在馆    
6 2000965058   2000965058   第四书库/四28架A面4层1列/ [索取号:TS8/11] 在馆    
山东省滨州职业学院图书馆 欢迎您!
大连网信软件有限公司© 版权所有